| 000 | 00559nam a22002057a 4500 | ||
|---|---|---|---|
| 001 | 00028684 | ||
| 005 | 20260401090817.0 | ||
| 008 | 260401b ag ||||| |||| 00| 0 spa d | ||
| 020 | _a9684198949 | ||
| 040 |
_aAR-CcCEOS _bspa _cAR-CcCEOS |
||
| 041 | _aspa | ||
| 080 | _a860-3(72) | ||
| 090 | _bDOR2 | ||
| 100 | 1 |
_aDoreste, Tomás, _d1925- _9999 |
|
| 245 |
_aAntología del Horror y el Misterio 2 / _cTomas Doreste |
||
| 264 |
_aMéxico : _bGrijalbo, _cc1990. |
||
| 300 |
_a582 p. ; _c21x15 cm. |
||
| 655 | 0 |
_acuentos de horror _9151 |
|
| 942 |
_2udc _cBK _n0 |
||
| 999 |
_c28717 _d28717 |
||